000
00249nam a22000977a 4500
008
170125b xxu||||| |||| 00| 0 eng d
041
_a
eng
080
_2
2ND
_a
618.2
245
_a
ESSENTIALS OF NURSING LEADERSHIP & MANAGEMENT
_c
KELLY, P
942
_2
udc
_c
BK
999
_c
3567
_d
3567